000 00612nam a2200217Ia 4500
005 20250326144158.0
008 250326s9999 xx 000 0 und d
020 _a0-333-96407-1
037 _aTextbook
040 _aFMSL
_beng
_cFMSL
041 _aeng
_2eng
084 _aX:51:f P5
_qFMSL
100 _aMaylor H
_9741123
245 0 _aResearching business and management
_cMaylor H; Blackmon K
260 _aNew Delhi
_bNew Delhi, Plgrave Macmillon
_c2005
300 _a466p
365 _b2428.6808000000001
650 _aManagement
942 _cTB
_hX:51:f P5
999 _c1302684
_d1302684